000 00532nam a2200181 i 4500
001 36496
003 ES-MaACL
005 20230906155400.0
007 t|
008 030218s1967 mx ||||1| spa d
100 1 _aBulnes, Francisco.
_932528
245 1 3 _aEl verdadero Díaz y la Revolución /
_cFrancisco Bulnes.
260 _aMéxico :
_bEd. Nacional,
_c[1967]
300 _a434 p. ;
_c18 cm.
600 1 4 _aDíaz, Porfirio.
_9151496
651 4 _aMéxico-
_xHistoria-
_y1867-1910.
_9151494
852 _aES-MaACL
_jE-9805
_bR.93765
999 _c36496
_d36496